[Event "GRE-chT Online Rapid op 1st"]
[Site "Tornelo INT"]
[Date "2021.02.20"]
[Round "2.9"]
[White "Sinouris, Andreas"]
[Black "Mavridis, Athanasios Theo"]
[Result "0-1"]
[WhiteElo "1282"]
[BlackElo "1458"]
[PlyCount "110"]
[EventDate "2021.02.20"]
[EventType "team-swiss (rapid)"]
[EventRounds "9"]
[EventCountry "GRE"]
[SourceTitle "EXT 2023"]
[Source "ChessBase"]
[SourceDate "2022.10.05"]
[SourceVersion "1"]
[SourceVersionDate "2022.10.05"]
[SourceQuality "1"]

1. e4 c6 2. d4 d5 3. e5 Bf5 4. Nf3 e6 5. Bd3 Bxd3 6. Qxd3 Nd7 7. c3 Ne7 8. Bg5 Qc7 9. Bxe7 Bxe7 10. Nbd2 c5 11. Nb3 c4 12. Qc2 cxb3 13. Qxb3 Qb6 14. Qc2 0-0 15. 0-0-0 Qc7 16. h4 f5 17. Ng5 Bxg5+ 18. hxg5 b5 19. Qe2 Rfb8 20. Qh5 Nf8 21. Rd3 b4 22. Rg3 bxc3 23. g6 cxb2+ 24. Kb1 h6 25. Qd1 Rc8 26. Qd2 Qc1+ 27. Rxc1 bxc1Q+ 28. Qxc1 Rxc1+ 29. Kxc1 Rc8+ 30. Kb2 Rc4 31. Rd3 Nxg6 32. g3 f4 33. Rc3 Rxc3 34. Kxc3 fxg3 35. fxg3 h5 36. Kb4 h4 37. gxh4 Nxh4 38. Kc5 g5 39. Kd6 Kf7 40. Kc7 g4 41. Kb7 g3 42. Kxa7 g2 43. a4 g1Q 44. a5 Qxd4+ 45. Kb7 Qb4+ 46. Ka6 Nf5 47. Ka7 Qxa5+ 48. Kb7 Ne7 49. Kb8 Qc5 50. Kb7 Qc6+ 51. Kb8 Nf5 52. Ka7 Nd4 53. Kb8 Ke7 54. Ka7 Nb5+ 55. Kb8 Qc7+ 0-1

[Event "GRE-ch Online Blitz op 1st"]
[Site "Tornelo INT"]
[Date "2021.02.07"]
[Round "4"]
[White "Mavridis, Athanasios Theo"]
[Black "Giannakouras, Angelos"]
[Result "0-1"]
[WhiteElo "1458"]
[BlackElo "1138"]
[PlyCount "66"]
[EventDate "2021.02.07"]
[EventType "swiss (blitz)"]
[EventRounds "16"]
[EventCountry "GRE"]
[SourceTitle "EXT 2023"]
[Source "ChessBase"]
[SourceDate "2022.10.05"]
[SourceVersion "1"]
[SourceVersionDate "2022.10.05"]
[SourceQuality "1"]

1. d4 Nf6 2. c4 e6 3. Nf3 b6 4. g3 Bb7 5. Bg2 Be7 6. 0-0 0-0 7. Nc3 d5 8. cxd5 exd5 9. Bf4 Bd6 10. Qd2 Re8 11. Nb5 Ne4 12. Qc1 c6 13. Nxd6 Nxd6 14. Bxd6 Qxd6 15. Qc2 h6 16. Rac1 Nd7 17. Bh3 Rac8 18. Bxd7 Qxd7 19. Ne5 Qe6 20. e3 Rc7 21. Nd3 Qe4 22. Ne5 Qxc2 23. Rxc2 f6 24. Nd3 Rec8 25. Rfc1 Kf7 26. Kf1 Ke6 27. Ke2 Kd6 28. b4 g5 29. g4 Ba6 30. Kd2 Bc4 31. a3 Bxd3 32. Kxd3 Re8 33. a4 Re4 0-1

[Event "GRE-ch Online Blitz op 1st"]
[Site "Tornelo INT"]
[Date "2021.02.07"]
[Round "15"]
[White "Mavridis, Athanasios Theo"]
[Black "Kalyvas, Georgios A"]
[Result "0-1"]
[WhiteElo "1458"]
[BlackElo "1094"]
[PlyCount "36"]
[EventDate "2021.02.07"]
[EventType "swiss (blitz)"]
[EventRounds "16"]
[EventCountry "GRE"]
[SourceTitle "EXT 2023"]
[Source "ChessBase"]
[SourceDate "2022.10.05"]
[SourceVersion "1"]
[SourceVersionDate "2022.10.05"]
[SourceQuality "1"]

1. d4 Nf6 2. c4 g6 3. Nf3 d5 4. Qc2 Bf5 5. Qa4+ c6 6. Nc3 Bg7 7. g3 0-0 8. Bg2 Nbd7 9. 0-0 Nb6 10. Qd1 Nxc4 11. b3 Nb6 12. Ba3 Re8 13. e3 Ne4 14. Nxe4 Bxe4 15. Rc1 Rc8 16. Qd2 Bxf3 17. Bxf3 Nd7 18. Qa5 Qxa5 0-1

[Event "Thessaloniki White Tower op-C 41th"]
[Site "Thessaloniki"]
[Date "2019.01.06"]
[Round "5.41"]
[White "Vellios, Anastasios"]
[Black "Mavridis, Athanasios Theo"]
[Result "0-1"]
[WhiteElo "1000"]
[BlackElo "1000"]
[PlyCount "166"]
[EventDate "2019.01.02"]
[EventType "swiss"]
[EventRounds "6"]
[EventCountry "GRE"]
[SourceTitle "EXT 2024"]
[Source "ChessBase"]
[SourceDate "2023.10.10"]
[SourceVersion "1"]
[SourceVersionDate "2023.10.10"]
[SourceQuality "1"]

1. e4 c5 2. Nf3 Nf6 3. Nc3 Nc6 4. Bb5 e6 5. Bxc6 dxc6 6. 0-0 e5 7. Nxe5 Bd6 8. Nf3 0-0 9. Nh4 Re8 10. Re1 Qc7 11. Kf1 Bxh2 12. Re3 Ng4 13. Rh3 Nxf2 14. Kxf2 Bxh3 15. gxh3 Qg3+ 16. Kf1 Qxh4 17. d3 Qg3 18. Bd2 Qxh3+ 19. Ke1 b5 20. a4 b4 21. Ne2 Qg4 22. Nc3 bxc3 23. Qxg4 cxd2+ 24. Kxd2 Rab8 25. Rh1 Be5 26. Qh4 h6 27. Qf2 Bd4 28. Qg2 Rxb2 29. Rg1 Bxg1 30. Qxg1 Ra2 31. Qb1 Rxa4 32. Qb2 Rb4 33. Qa3 Ra8 34. c3 Rb7 35. Qxc5 Rc8 36. Qf5 Rcb8 37. e5 Re7 38. d4 Rbe8 39. c4 c5 40. dxc5 Rxe5 41. Qd7 Kf8 42. c6 R5e7 43. Qd5 Re5 44. Qd6+ Kg8 45. c7 Re2+ 46. Kc3 R2e3+ 47. Kb4 Kh7 48. Qc6 Rc8 49. Qd7 a5+ 50. Kxa5 Ra3+ 51. Kb5 Raa8 52. Kb6 Rg8 53. Kb7 Rgf8 54. c8Q Raxc8 55. Qxc8 Rxc8 56. Kxc8 g5 57. c5 g4 58. c6 g3 59. c7 g2 60. Kd8 g1Q 61. c8Q Qg5+ 62. Ke8 Qg8+ 63. Kd7 Qxc8+ 64. Kxc8 f5 65. Kc7 f4 66. Kd6 f3 67. Ke5 f2 68. Ke4 f1Q 69. Ke3 Qf8 70. Ke4 Qd8 71. Kf5 Qg8 72. Ke5 Qf8 73. Ke4 h5 74. Ke3 h4 75. Ke4 h3 76. Kd4 h2 77. Ke4 h1R 78. Kd4 Re1 79. Kd3 Qd8+ 80. Kc2 Re7 81. Kc3 Rc7+ 82. Kb4 Qb8+ 83. Ka5 Ra7# 0-1

[Event "GRE-ch U20"]
[Site "Chania"]
[Date "2017.01.06"]
[Round "7.20"]
[White "Mavridis, Athanasios Theo"]
[Black "Vizirakis, Antonios"]
[Result "1-0"]
[WhiteElo "1003"]
[BlackElo "1206"]
[PlyCount "111"]
[EventDate "2017.01.02"]
[EventType "swiss"]
[EventRounds "9"]
[EventCountry "GRE"]
[SourceTitle "EXT 2024"]
[Source "ChessBase"]
[SourceDate "2023.10.10"]
[SourceVersion "1"]
[SourceVersionDate "2023.10.10"]
[SourceQuality "1"]

1. c4 Nf6 2. Nc3 c6 3. Nf3 d6 4. d4 g6 5. e4 Bg4 6. h3 Bxf3 7. Qxf3 Bg7 8. e5 dxe5 9. dxe5 Nfd7 10. Bd2 Nxe5 11. Qg3 0-0 12. 0-0-0 Ned7 13. Kb1 Nf6 14. Bc1 Qc8 15. Bd3 Na6 16. Ka1 Nb4 17. Bb1 Qe6 18. a3 a5 19. axb4 axb4+ 20. Na2 Qxc4 21. Qd3 Qxd3 22. Rxd3 c5 23. Rb3 Nd5 24. Be4 e6 25. Bd2 Rfc8 26. Rg3 Bf8 27. Kb1 Ra7 28. Nc1 Rca8 29. Kc2 c4 30. Bxd5 exd5 31. Ne2 b3+ 32. Kc3 Re8 33. Nf4 Bg7+ 34. Kb4 Rea8 35. Nxd5 Ra4+ 36. Kc5 Ra2 37. Kxc4 Rc8+ 38. Kb5 Rxb2 39. Ne7+ Kh8 40. Nxc8 Rxd2 41. Rxb3 Rxf2 42. g4 Re2 43. Kb6 h6 44. Kxb7 Kh7 45. h4 Re4 46. g5 h5 47. Nd6 Re7+ 48. Kc6 Re6 49. Rb7 Kg8 50. Rf1 Bf8 51. Rd7 Kh8 52. Rfxf7 Kg8 53. Rf6 Re1 54. Rxg6+ Bg7 55. Rdxg7+ Kf8 56. Rf7# 1-0